000 00432nam a22001217a 4500
082 _a923.5 ISH'F
100 _a ISHFAQ HUSSAIN, MAJ ,MAJ ISHFAQ HUSSAIN
_956144
245 _aFATEHA-E-SABOONA MAJOR SHABIR SHARIF SHAHEED ,NISHAN HYDER,SITARA JURRAT
260 _aRAWALPINDI
_bARMY EDUCATION PRESS
_c1990
300 _a325P
650 _aMAJOR SHABIR SHARIF SHAHEED-NISHAN HYDER SHABIR SHARIF SHAHEED-NISHAN HYDER
_956145
942 _cBK
999 _c566660
_d566660